Bài tập toán 8

Bài tập toán 8 được biên soạn sử dụng kèm theo sách giáo khoa giúp các em học sinh củng cố kiến thức toán học cơ bản, rèn luyện kĩ năng theo chuẩn kiến thức, kĩ năng trong chương trình giáo dục phổ thông. Sách cũng bổ sung những bài tập nân...

Descripción completa

Guardado en:
Detalles Bibliográficos
Autor principal: Tôn, Thân
Formato: Libro
Lenguaje:Undetermined
Publicado: Hà Nội Giáo Dục Việt Nam 2016
Materias:
Etiquetas: Agregar Etiqueta
Sin Etiquetas, Sea el primero en etiquetar este registro!
Thư viện lưu trữ: Trung tâm Học liệu Trường Đại học Cần Thơ
LEADER 01055nam a2200217Ia 4500
001 CTU_217349
008 210402s9999 xx 000 0 und d
020 |c 12600 
082 |a 510.76 
082 |b Th121/T.2 
100 |a Tôn, Thân 
245 0 |a Bài tập toán 8 
245 0 |c Tôn Thân (Chủ biên) 
260 |a Hà Nội 
260 |b Giáo Dục Việt Nam 
260 |c 2016 
520 |a Bài tập toán 8 được biên soạn sử dụng kèm theo sách giáo khoa giúp các em học sinh củng cố kiến thức toán học cơ bản, rèn luyện kĩ năng theo chuẩn kiến thức, kĩ năng trong chương trình giáo dục phổ thông. Sách cũng bổ sung những bài tập nâng cao giúp các em học sinh khá giỏi rèn luyện thêm. 
650 |a Toán học,Mathematics 
650 |x Dạy và học (Trung học),Study and teaching (Secondary) 
904 |i Cúc,Hải 
980 |a Trung tâm Học liệu Trường Đại học Cần Thơ